[Event "Continental op 45'"]
[Site "Los Angeles"]
[Date "2000.07.28"]
[Round "2"]
[White "Atalik, Suat"]
[Black "Ehlvest, Jaan"]
[Result "1/2-1/2"]
[WhiteElo "2549"]
[BlackElo "2627"]
[Annotator "Atalik,S"]
[PlyCount "48"]
[EventDate "2000.07.24"]
[EventType "swiss"]
[EventRounds "9"]
[EventCountry "USA"]
[SourceTitle "CBM 078"]
[Source "ChessBase"]
[SourceDate "2000.10.18"]
[SourceVersion "1"]
[SourceVersionDate "2000.10.18"]
[SourceQuality "1"]

1. Nf3 Nf6 2. c4 b6 3. g3 Bb7 4. Bg2 e6 5. O-O Be7 6. Nc3 O-O 7. d4 Ne4 8. Bd2
f5 9. d5 Bf6 10. Rc1 Na6 11. a3 {Old move I could have remembered from
Browne's succesful games of 1978.} Nac5 $6 (11... c5 12. dxc6 dxc6 13. Qc2 c5
14. Rfd1 Qe7 15. Be1 $11) (11... exd5 12. cxd5 c5 13. dxc6 dxc6 14. Qb3+ Kh8
15. Rfd1 $14) 12. b4 Nxc3 13. Bxc3 Ne4 14. Bxf6 Qxf6 15. Qc2 $6 (15. Nd4 a5 (
15... c5 16. dxc6 dxc6 17. Bxe4 fxe4 18. Nc2 Rad8 19. Qe1) 16. Nb5 axb4 17.
axb4 Ra2 18. Rc2 Rxc2 19. Qxc2 exd5 20. cxd5 $14) 15... a5 16. Nd2 Nxd2 17.
Qxd2 axb4 18. axb4 d6 19. c5 {What else.} dxc5 20. bxc5 Bxd5 21. Bxd5 Rad8 22.
Qf4 (22. Bxe6+ Qxe6 23. Qf4 $11) 22... Rxd5 23. Qxc7 bxc5 24. Rxc5 $11 Rxc5
1/2-1/2

[Event "Paracin Summer op-A 10th"]
[Site "Paracin"]
[Date "2017.07.12"]
[Round "7"]
[White "Atalik, Suat"]
[Black "Lajthajm, Borko"]
[Result "1/2-1/2"]
[WhiteElo "2525"]
[BlackElo "2434"]
[Annotator "Atalik,S"]
[PlyCount "42"]
[EventDate "2017.07.07"]
[EventType "swiss"]
[EventRounds "9"]
[EventCountry "SRB"]
[SourceTitle "CBM 180"]
[Source "ChessBase"]
[SourceDate "2017.09.13"]
[SourceVersion "1"]
[SourceVersionDate "2017.09.13"]
[SourceQuality "1"]

1. Nf3 Nf6 2. c4 e6 3. g3 b6 4. Bg2 Bb7 5. O-O Be7 6. d4 O-O 7. Nc3 d5 $5 {
The forgotten line.} 8. cxd5 $5 (8. Ne5 Na6 {used to be very popular in the
late 70's.}) 8... Nxd5 (8... exd5 9. Bf4) 9. Nxd5 $6 (9. Qc2 $142 Nd7 10. Nxd5
exd5 (10... Bxd5 11. e4 Bb7 12. Rd1 Rc8 13. Bf4 $16 {Kortschnoj-Karpov,
Brussels (Blitz) 1987}) 11. Rd1 $16 {Karpov-Spassky, Riga 1975.}) 9... Bxd5 $1
{I have always been sceptical about this position.} (9... exd5 10. Bf4 Nd7 11.
Qb3 $1 $16) 10. Qc2 f5 $1 11. Bf4 c6 (11... Nc6 $5 12. Rfd1 Rc8 13. Ne5 Nb4 14.
Qa4 Bxg2 15. Kxg2 Qd5+ 16. f3 $13) 12. Rfd1 (12. Ne5 g5 $1 (12... Bxg2 13. Kxg2
Qxd4 14. Rfd1 $44) 13. Bd2 Bxg2 14. Kxg2 c5) (12. Bxb8 Rxb8) 12... Nd7 13. Ne5
$2 {The final mistake.} (13. Ne1 $142 $1 $14) 13... Nxe5 14. Bxe5 Qe8 $1 15. e4
(15. f3 $6 c5 16. e4 fxe4 17. fxe4 Bb7 (17... Qg6 18. Qe2 Bb7 19. d5 exd5 20.
exd5 Rae8 21. Qc4 (21. d6 Bxg2 22. Kxg2 (22. Qxg2 Bg5) 22... Qe6 $3 23. dxe7
Rxe7 24. Re1 Qd5+ 25. Kh3 Rfe8 $17) 21... Bd6 $11) 18. d5 exd5 19. exd5 Rd8 20.
d6 Bxg2 21. Qxg2 Bf6 $11) 15... fxe4 16. Bxe4 Qh5 $1 17. f4 (17. Re1 $5) (17.
Bxd5 cxd5 18. Rac1 Rac8 $1 19. Qxc8 $140 Qxd1+) 17... Bf6 18. Bxd5 cxd5 $11 {
Black equalises easily.} 19. Re1 (19. Bxf6 Rxf6) 19... Rac8 20. Qe2 Qxe2 21.
Rxe2 Rc6 $11 (21... Be7 $5) 1/2-1/2

[Event "Excelsior Cup"]
[Site "Gothenburg"]
[Date "1998.01.07"]
[Round "1"]
[White "Aagaard, Jacob"]
[Black "Akesson, Ralf"]
[Result "1-0"]
[WhiteElo "2435"]
[BlackElo "2520"]
[Annotator "Avrukh,B"]
[PlyCount "63"]
[EventDate "1998.01.07"]
[EventType "tourn"]
[EventRounds "9"]
[EventCountry "SWE"]
[EventCategory "9"]
[SourceTitle "CBM 063"]
[Source "ChessBase"]
[SourceDate "1998.03.26"]
[SourceVersion "1"]
[SourceVersionDate "1998.03.26"]
[SourceQuality "1"]

1. d4 {Tyomkin,D} Nf6 2. c4 e6 3. Nf3 b6 4. g3 Ba6 5. b3 Bb4+ 6. Bd2 Be7 7. Bg2
Bb7 8. O-O O-O 9. Nc3 Na6 10. Bc1 d5 11. Bb2 (11. Ne5) (11. cxd5) 11... Qc8 (
11... c5 {Avrukh,B} 12. Ne5 Nc7 $6 (12... Qc8 $5) 13. dxc5 bxc5 14. Na4 {
[%csl Rc5]} Rc8 15. Rc1 Na6 16. Nd3 Ne4 17. e3 $16 {Quinteros,M-Portisch,L/
Luzern olm 1982/1-0(30)}) 12. cxd5 $146 (12. Rc1 {Avrukh,B} Rd8 13. Ne5 c5 14.
cxd5 exd5 15. e3 Bf8 16. Qd3 Qe6 17. Rfd1 Nb4 18. Qb1 Rac8 19. Ne2 {[%cal
Ge2f4]} Bd6 20. a3 Na6 21. Nf4 Qe7 22. Qa1 {1/2-1/2 Horvath,C-Psakhis,L/
Leeuwarden op 1993}) (12. Ne5 $1 {Polugaevsky,L} Re8 (12... dxc4 13. Nc6 $1 Bd6
14. bxc4 $16) (12... Rd8 $5 $14) 13. cxd5 exd5 14. Rc1 c5 $2 (14... Qe6 15. Nd3
$16) (14... Bf8 $5 15. Nd3 $14) 15. dxc5 Bxc5 16. Nxd5 $16 {1-0 Polugaevsky,
L-Greenfeld,A/Biel 1986 (34)}) 12... exd5 (12... Nxd5 $5 13. Nxd5 Bxd5 {
[%cal Gc8b7]}) 13. Rc1 c5 14. Qc2 Rd8 15. Qb1 Qe6 {[%csl Ye4] The best place
for the queen in this structure.} 16. e3 Ne4 $5 (16... Rac8 $5) (16... Bf8 $5)
17. Rfd1 f5 $2 {[%csl Re5]} (17... Nxc3 18. Bxc3 $14) 18. Ne5 Bf6 19. Ne2 $16
g5 20. f3 Nd6 21. f4 g4 22. dxc5 bxc5 {[%tqu "En","","","","b3b4","",10]} 23.
b4 $1 $18 {[%cal Ye2d4]} d4 (23... Nxb4 24. Rxc5 Ne4 25. Rb5 Qe7 26. Nd4 $18 {
[%cal Gd4f5]}) 24. bxc5 Bxg2 25. Nxd4 Qe8 26. Kxg2 Bxe5 27. fxe5 Ne4 28. Qd3 {
[%csl Rg8][%cal Gd3c4]} (28. Nxf5 $18) 28... Nc7 29. Qc4+ Kf8 30. Rf1 Nd5 31.
Nxf5 Nd2 32. Qxg4 1-0

[Event "Minsk International"]
[Site "Minsk"]
[Date "1982.05.12"]
[Round "5"]
[White "Jussupow, Artur"]
[Black "Yudasin, Leonid"]
[Result "1-0"]
[WhiteElo "2555"]
[BlackElo "2405"]
[Annotator "Belov,I"]
[PlyCount "65"]
[EventDate "1982.05.07"]
[EventType "tourn"]
[EventRounds "15"]
[EventCountry "URS"]
[EventCategory "11"]
[SourceTitle "MCL"]
[Source "ChessBase"]
[SourceDate "1999.07.01"]
[SourceVersion "1"]
[SourceVersionDate "1999.07.01"]
[SourceQuality "1"]

1. d4 Nf6 2. c4 e6 3. g3 Bb4+ 4. Bd2 Be7 5. Bg2 d5 6. Nf3 O-O 7. O-O b6 (7...
c6) 8. cxd5 exd5 9. Qc2 Bb7 10. Nc3 c5 11. Rad1 (11. Bf4 Na6 12. Rfd1 (12. Rad1
$142) 12... Nb4 13. Qc1 Re8 14. Be5 Nc6 15. Bxf6 Bxf6 16. dxc5 d4 17. Nb5 bxc5
18. Qxc5 Qa5 $1 $13 {Korchnoi,V-Gligoric,S/Belgrade/1987/ Inf 44/674/}) 11...
Na6 12. Bf4 Qc8 13. Be5 Rd8 (13... Ne4 $5 14. dxc5 Nxc3 15. Bxc3 (15. Qxc3 f6
16. c6 $13) 15... bxc5 16. Ne5 $14) 14. Ng5 h6 $6 (14... g6 15. Qd2 $14) 15.
Bh3 Qc6 16. Bxf6 Bxf6 17. Qh7+ Kf8 18. Nf3 $16 Nc7 19. Rfe1 $1 Re8 (19... Ne6
20. e4 cxd4 21. Nxd5 Rxd5 $8 22. exd5 Qxd5 23. Bg2 $16) 20. e4 g6 $8 (20...
dxe4 21. d5 $16 Qd7) 21. Qxh6+ (21. Ne5 $6 Bxe5 22. dxe5 d4 $13) 21... Bg7 22.
Qf4 dxe4 23. Ng5 f5 24. Bxf5 $1 gxf5 25. Qxf5+ Kg8 26. Qf7+ Kh8 27. d5 Qf6 28.
Qh5+ (28. Qxc7 Re7 29. Qf4 Qxf4 30. gxf4 $16) 28... Kg8 29. Ncxe4 $18 Qe5 (
29... Qf5 30. Nd6 Rxe1+ 31. Rxe1 Qxd5 32. Nxb7 Qxb7 33. Qf7+ Kh8 34. Re7 $18)
30. Qf7+ Kh8 31. Qg6 Kg8 32. f4 Qxb2 33. Re2 $1 (33. Re2 Qxe2 34. Nf6+ $18) 1-0

[Event "Moscow"]
[Site "Moscow"]
[Date "1981.04.??"]
[Round "7"]
[White "Gheorghiu, Florin"]
[Black "Geller, Efim P"]
[Result "1/2-1/2"]
[WhiteElo "2545"]
[BlackElo "2615"]
[Annotator "Belov,I"]
[PlyCount "44"]
[EventDate "1981.04.08"]
[EventType "tourn"]
[EventRounds "13"]
[EventCountry "URS"]
[EventCategory "15"]
[SourceTitle "MCL"]
[Source "ChessBase"]
[SourceDate "1999.07.01"]
[SourceVersion "1"]
[SourceVersionDate "1999.07.01"]
[SourceQuality "1"]

1. d4 Nf6 2. c4 e6 3. Nf3 b6 4. g3 Bb7 5. Bg2 Be7 6. O-O O-O 7. Nc3 Ne4 8. Bd2
f5 9. d5 Bf6 10. Rc1 Na6 11. a3 (11. Be1 Nac5 (11... Bxc3 12. Bxc3 Nxc3 13.
Rxc3 Nc5 14. Ne1 Qf6 15. Nd3 Nxd3 $10) 12. Nd4 Qe7 13. Nb3 a5 $1 $15 {Gausel,
E-Tiviakov,S/Gausdal/1993/0:1 (56) Inf 57/522/}) 11... Nac5 (11... exd5 $5 12.
cxd5 c5 $1 13. dxc6 dxc6 14. Qc2 c5 15. Rfd1 Qe7 16. Be1 Nc7 $10 {Panno,
O-Hjartarson,J/Dubai(ol)/1986/0:1 (33) Inf 42/710/}) 12. b4 Nxc3 13. Bxc3 Ne4
14. Bxf6 Qxf6 15. Nd4 (15. Qd4 $142 Ng5 16. Qxf6 Nxf3+ 17. Bxf3 Rxf6 18. Rfd1
e5 (18... d6 19. c5 e5 20. e4 $14 {Ftacnik,L-Prandstetter,E/Warsaw(zt)/1987/})
19. e4 $14 {Chiburdanidze,M-Donaldson_Akhmilovskaya,E/Sofia_Borzhomi(m/5)/1:0 
(37) Inf 42/709/}) 15... c6 $1 (15... a5 16. Nb5 axb4 17. axb4 $14 {Browne,
W-Najdorf,M/Buenos Aires/Inf 26/640/1:0 (59)/}) 16. dxc6 dxc6 17. c5 (17. e3 c5
18. Ne2 Rfd8 $15) 17... Rad8 18. e3 bxc5 19. bxc5 Ba6 $1 20. Re1 e5 21. Qb3+ $8
Kh8 22. Nf3 (22. Ne6 $2 Qf7 $19) 22... g5 $1 $15 1/2-1/2

[Event "Katowice op"]
[Site "Katowice"]
[Date "1995.??.??"]
[Round "7"]
[White "Kempinski, Robert"]
[Black "Skalik, Przemyslaw"]
[Result "1/2-1/2"]
[WhiteElo "2435"]
[BlackElo "2330"]
[Annotator "Belov,I"]
[PlyCount "61"]
[EventDate "1995.??.??"]
[EventType "swiss"]
[EventRounds "9"]
[EventCountry "POL"]
[SourceTitle "EXT 2000"]
[Source "ChessBase"]
[SourceDate "1999.11.16"]
[SourceVersion "1"]
[SourceVersionDate "1999.11.16"]
[SourceQuality "1"]

1. d4 Nf6 2. c4 e6 3. Nf3 b6 4. g3 Bb7 5. Bg2 Be7 6. O-O O-O 7. Nc3 Ne4 8. Bd2
f5 9. d5 Bf6 10. Qc2 Bxc3 (10... Nxd2 11. Nxd2 a5 12. Rad1 Na6 13. Nb3 Qc8 14.
Nd4 $14 {Tukmakov,V-Timman,J/Las Palmas(izt)/1982/}) 11. Bxc3 exd5 12. Be5 $5
$146 (12. cxd5 Bxd5 13. Be5 (13. Rfd1 c6 14. Bb4 d6 15. Nh4 Na6 16. Ba3 Qg5 $1
17. Bxe4 fxe4 18. Bxd6 Rf7 $10 {Adams,M-Tiviakov,S/New York(m)1994/0:1/44/})
13... d6 14. Bf4 Nc5 (14... Qe7) 15. b4 Be4 16. Qd2 Ne6 17. Ng5 Nxg5 18. Bxe4
Nh3+ 19. Kh1 fxe4 20. Qd5+ Kh8 21. Qxa8 Nxf4 22. gxf4 Rxf4 $13 {Antonsen,
M-Rozentalis,E/Liehtenstein/1990/}) 12... d6 (12... dxc4 13. Qxc4+ Kh8 14. Qxc7
$16) 13. Bf4 Qe7 (13... dxc4 $5 14. Qxc4+ Kh8 (14... d5 15. Qxc7) 15. Nd4 Qe7
$13) 14. cxd5 Bxd5 15. Rad1 Bb7 16. Nd4 Na6 $146 (16... g6 17. f3 Nf6 18. Rfe1
Nh5 19. Bh6 Rf7 20. e4 $44 {Hulak,K-Naumkin,I/Palma de Mallorca/1989/}) 17. f3
Nec5 18. Nxf5 Qf7 19. Bh3 (19. e4 Qxa2 20. Qc3 Rf7 $13) 19... Qxa2 20. Qc3 Rf7
21. Nd4 (21. b4 $5 Na4 (21... Nd7 22. Nd4 Nf8 23. e4 $16) (21... Ne6 22. Rd2
Qa4 23. Nh6+ $18) 22. Qd4 $36 (22. Qa1 Qxa1 23. Rxa1 Nc3 24. Nd4 Re8 $13))
21... Qa4 22. b3 Qb4 23. Qb2 (23. Qc2 Re8 24. e4 $44) 23... Na4 24. Qa1 (24.
Qc2 $5 N4c5 25. e4 $36) 24... Nc3 25. Rd3 c5 $1 (25... Nd5 26. Be6) 26. Qxc3 $8
Qxc3 27. Rxc3 cxd4 28. Rd3 Re8 29. Rf2 Nc5 30. Rxd4 d5 31. b4 (31. b4 Ne6 32.
Bxe6 Rxe6 $10) 1/2-1/2

[Event "URS-ch46 First League"]
[Site "Ashkhabad"]
[Date "1978.??.??"]
[Round "1"]
[White "Tukmakov, Vladimir B"]
[Black "Kochyev, Alexander"]
[Result "1-0"]
[WhiteElo "2560"]
[BlackElo "2555"]
[Annotator "Bulletin"]
[PlyCount "49"]
[EventDate "1978.10.??"]
[EventType "tourn"]
[EventRounds "17"]
[EventCountry "URS"]
[EventCategory "10"]
[SourceTitle "MCL"]
[Source "ChessBase"]
[SourceDate "1999.07.01"]
[SourceVersion "1"]
[SourceVersionDate "1999.07.01"]
[SourceQuality "1"]

1. d4 Nf6 2. c4 e6 3. Nf3 b6 4. g3 Bb7 5. Bg2 Be7 6. Nc3 O-O 7. O-O d5 8. cxd5
(8. Ne5 Na6 $1 9. cxd5 exd5 10. Bg5 Ne4 $1) 8... exd5 (8... Nxd5 9. Nxd5 Bxd5
10. Qc2 Nc6 $1) 9. Bf4 c5 10. dxc5 bxc5 11. Ne5 Na6 12. Nc4 $1 Qd7 13. Na5 Rad8
14. Nxb7 Qxb7 15. Be5 c4 16. Bxf6 Bxf6 17. Nxd5 Qxb2 18. Qa4 Rd6 19. Nxf6+ Qxf6
20. Qxc4 Rd4 21. Qc3 Rfd8 22. Rac1 Rd2 23. Qc4 Qe6 24. Bf3 Rxa2 $4 (24... Qxc4
25. Rxc4 Rxa2 26. Rb1 $1) 25. Bd5 $1 $18 (25. Rfd1 $2 Rxd1+ 26. Rxd1 Ra1 $1)
1-0

[Event "Bugojno"]
[Site "Bugojno"]
[Date "1978.03.04"]
[Round "6"]
[White "Ivkov, Borislav"]
[Black "Huebner, Robert"]
[Result "1/2-1/2"]
[WhiteElo "2515"]
[BlackElo "2595"]
[Annotator "Bulletin"]
[PlyCount "55"]
[EventDate "1978.02.27"]
[EventType "tourn"]
[EventRounds "15"]
[EventCountry "YUG"]
[EventCategory "14"]
[SourceTitle "MCL"]
[Source "ChessBase"]
[SourceDate "1999.07.01"]
[SourceVersion "1"]
[SourceVersionDate "1999.07.01"]
[SourceQuality "1"]

1. d4 Nf6 2. c4 e6 3. Nf3 b6 4. g3 Bb7 5. Bg2 Be7 6. O-O O-O 7. Nc3 d5 8. Ne5 (
8. cxd5 Nxd5 9. Nxd5 exd5 (9... Bxd5 10. Qc2 c5 11. e4 Bb7 12. Rd1 cxd4 13.
Nxd4 Qc8 14. Qxc8 Rxc8 15. Bf4 $16 {Ivkov-Radulov, Porec 1974}) 10. Ne1 Nd7 11.
Nd3 $16 {Ivkov}) 8... Na6 (8... Nbd7 9. cxd5 Nxd5 10. Nxd5 exd5 11. Nd3 Re8 12.
b4 Nf6 13. Bf4 Bd6 14. Bg5 $16 {Ivkov-Damjanovic, Banja Luka 1974}) 9. Bg5 (9.
Be3 c5 10. Rc1 Ne4 11. cxd5 exd5 12. Nxe4 dxe4 13. dxc5 Bxc5 14. Bxc5 Nxc5 15.
b4 Ne6 $10 {Browne-Tal, Las Palmas 1977}) 9... c5 10. e3 Ne4 11. Bxe7 Qxe7 12.
cxd5 exd5 13. Qa4 (13. Rc1 Nc7 14. Qa4 $6 (14. Nd3 $10) 14... Rfe8 15. Rfd1
Nxc3 16. Rxc3 c4 $15 {Smeykal-Byrne, Biel 1976}) 13... Qe8 $6 14. Bxe4 Qxa4 $1
(14... dxe4 15. Nd7 cxd4 16. exd4 e3 17. Rae1) 15. Bxh7+ Kxh7 16. Nxa4 c4 17.
Nc3 Nc7 18. b4 (18. e4 $2 f6) (18. a4) (18. f3 $5) 18... f6 $14 19. Nf3 b5 20.
a4 a5 $1 21. Rab1 (21. Rfb1) 21... Bc6 22. axb5 Nxb5 23. Nxb5 Bxb5 24. bxa5
Rxa5 25. Rfc1 Rfa8 26. g4 Be8 27. Nh4 R8a7 28. Nf5 (28. Rb6 Ra1 $1) (28. Rb8) (
28. Kg2) 1/2-1/2

[Event "Bugojno"]
[Site "Bugojno"]
[Date "1978.03.07"]
[Round "9"]
[White "Huebner, Robert"]
[Black "Timman, Jan H"]
[Result "0-1"]
[WhiteElo "2595"]
[BlackElo "2585"]
[Annotator "Bulletin"]
[PlyCount "42"]
[EventDate "1978.02.27"]
[EventType "tourn"]
[EventRounds "15"]
[EventCountry "YUG"]
[EventCategory "14"]
[SourceTitle "MCL"]
[Source "ChessBase"]
[SourceDate "1999.07.01"]
[SourceVersion "1"]
[SourceVersionDate "1999.07.01"]
[SourceQuality "1"]

1. Nf3 Nf6 2. c4 e6 3. g3 d5 4. Bg2 Be7 5. O-O O-O 6. d4 b6 7. Nc3 Bb7 8. Ne5
Na6 9. Bg5 (9. Qa4 Qe8 10. Qxe8 Rfxe8 11. Rd1 Ne4 12. Be3 Nxc3 13. bxc3 c6 14.
cxd5 cxd5 15. c4 Rac8 $10 {Kochiev-Karpov, Leningrad 1977}) 9... c5 10. e3 Ne4
11. Bxe7 Qxe7 12. cxd5 exd5 13. Qa4 Rfe8 $1 14. Nxd5 Bxd5 15. Qxa6 cxd4 16.
exd4 Qe6 17. Qb5 Red8 18. Rfc1 Ng5 $1 19. Nc6 $2 Bxg2 20. Nxd8 Qe4 $1 {/\Nh3}
21. h3 Nf3+ 0-1

[Event "AUT-chT"]
[Site "Austria"]
[Date "1993.??.??"]
[Round "?"]
[White "Fauland, Alexander"]
[Black "Blatny, Frantisek"]
[Result "1-0"]
[WhiteElo "2435"]
[BlackElo "2365"]
[Annotator "Bulletin"]
[PlyCount "63"]
[EventDate "1993.??.??"]
[EventType "team"]
[EventRounds "11"]
[EventCountry "AUT"]
[SourceTitle "CBM 038"]
[Source "ChessBase"]
[SourceDate "1994.02.01"]
[SourceVersion "1"]
[SourceVersionDate "1994.02.01"]
[SourceQuality "1"]

1. d4 Nf6 2. Nf3 b6 3. g3 Bb7 4. c4 e6 5. Bg2 Be7 6. O-O O-O 7. Nc3 Ne4 8. Bd2
d6 (8... f5 9. Rc1 Bf6) (8... Bf6) 9. Qc2 Nxc3 (9... f5 10. Ne1 Nxc3 11. Bxb7 (
11. Bxc3 Bxg2 12. Nxg2) 11... Nxe2+ 12. Kg2 Nxd4 13. Qd3 Nbc6) (9... Nxd2 10.
Qxd2) 10. Bxc3 c6 (10... Nd7 11. Ng5 Bxg5 12. Bxb7 Rb8 13. Bg2 $14) (10... Qc8
$5) 11. Rad1 (11. a4) 11... Nd7 12. e4 Qc7 13. Nd2 Rfd8 (13... d5 14. Rfe1 Rfe8
) 14. f4 b5 (14... d5 15. f5 exf5 16. Rxf5 $14) 15. f5 (15. Kh1) 15... e5 16.
Kh1 Qb6 (16... b4 17. Bxb4 exd4 18. Nb3 c5 19. Ba5 Nb6 20. Nc1 $14) (16... exd4
17. Bxd4 bxc4 18. Nxc4 Bf6 19. Bxf6 Nxf6 $13) 17. c5 dxc5 (17... Qc7 18. b4 (
18. cxd6 Bxd6 19. dxe5 Nxe5 (19... Bxe5 20. Nf3) 20. f6 $40) 18... exd4 19.
Bxd4 dxc5 20. bxc5 Ne5 $14) 18. dxe5 f6 (18... b4 19. Nc4 (19. f6 Bf8 20. Nc4)
19... Qa6 20. Bd2 $16) 19. exf6 gxf6 (19... Bxf6 20. Bxf6 gxf6 21. e5 Nxe5 22.
Ne4 Ng4 23. h3 Ne3 24. Qb3+ $16) (19... Nxf6 20. e5 Nd5 21. f6) 20. Qb3+ (20.
e5) 20... c4 21. Nxc4 bxc4 22. Qxc4+ Kf8 (22... Kg7 23. Qe6 $16) 23. Bd2 Kg7 (
23... Qc5 24. Bh6+ Ke8 25. Qg8+ Bf8 26. Bf3 $18) 24. Qe6 Qc5 (24... Bc5 25. e5
Nxe5 26. Bh6+ Kxh6 27. Qxf6+ Kh5 28. Qxe5 $18) 25. Be3 Qe5 (25... Qxe3 26.
Qxe7+ Kg8 27. Rxd7 $18) 26. Rxd7 Qxe6 (26... Rxd7 27. Qxd7 $18) 27. fxe6 Rxd7
28. exd7 Rd8 29. Bh3 c5 30. Bf5 Bc6 31. Rd1 Kf7 32. b3 1-0

[Event "Politiken Cup 32nd"]
[Site "Copenhagen"]
[Date "2010.08.05"]
[Round "7"]
[White "Postny, Evgeny"]
[Black "Brunello, Sabino"]
[Result "1-0"]
[WhiteElo "2577"]
[BlackElo "2488"]
[Annotator "CB"]
[PlyCount "45"]
[EventDate "2010.07.31"]
[EventType "swiss"]
[EventRounds "10"]
[EventCountry "DEN"]
[SourceTitle "CBM 137 Extra"]
[Source "ChessBase"]
[SourceDate "2010.09.01"]
[SourceVersion "1"]
[SourceVersionDate "2010.09.01"]
[SourceQuality "1"]

1. d4 Nf6 2. c4 e6 3. Nf3 b6 4. g3 Bb7 5. Bg2 Be7 6. Nc3 O-O 7. O-O Ne4 8. Bd2
Bf6 9. Qc2 Nxd2 10. Qxd2 d6 11. e4 Nd7 12. Rfe1 g6 13. Rad1 Bg7 14. h4 h5 15.
Ng5 Qe7 16. f4 f6 {#} 17. e5 $3 fxg5 (17... Bxg2 18. exf6 Bxf6 19. Rxe6 Qg7 20.
Kxg2) 18. Bxb7 gxf4 19. exd6 cxd6 20. Rxe6 $1 Qd8 (20... Qxe6 21. Bd5) 21. Bxa8
Qxa8 22. Nd5 fxg3 23. Qg5 1-0

[Event "RUS-chT 21st"]
[Site "Loo"]
[Date "2014.04.12"]
[Round "6.2"]
[White "Morozevich, Alexander"]
[Black "Alekseev, Evgeny V"]
[Result "1-0"]
[WhiteElo "2722"]
[BlackElo "2678"]
[Annotator "CB"]
[PlyCount "81"]
[EventDate "2014.04.07"]
[EventType "team-swiss"]
[EventRounds "7"]
[EventCountry "RUS"]
[SourceTitle "CBM 160"]
[Source "ChessBase"]
[SourceDate "2014.05.15"]
[SourceVersion "1"]
[SourceVersionDate "2014.05.15"]
[SourceQuality "1"]
[WhiteTeam "Moscow Inheritance"]
[BlackTeam "Belorechensk"]
[WhiteTeamCountry "RUS"]
[BlackTeamCountry "RUS"]

1. Nf3 Nf6 2. g3 b6 3. Bg2 Bb7 4. O-O e6 5. c4 Be7 6. d4 O-O 7. Nc3 Ne4 8. Bd2
Bf6 ({Die Haupt-Alternative ist} 8... f5 {z.B.:} 9. Qc2 Bf6 10. Rad1 Nxc3 11.
Bxc3 Be4 12. Qb3 d6 13. Ne1 Qe8 14. Bxe4 fxe4 15. Ng2 Nc6 16. d5 Na5 17. Bxa5
bxa5 18. Qc2 exd5 19. cxd5 Rb8 20. b3 Rf7 21. Nf4 Re7 22. f3 Rb4 23. Ne6 c5 24.
fxe4 Rxe6 25. dxe6 Qxe6 26. Qd3 Be5 27. Qf3 h6 28. Qf8+ Kh7 29. Rf7 Qg6 30.
Rxa7 Qxe4 31. Qf3 Qg6 32. Rxa5 Rf4 33. Qd3 Re4 34. Ra4 Bd4+ 35. Kg2 h5 36. Rf1
Qg4 37. e3 {1-0 (37) Kamsky,G (2724)-Alekseev,E (2716) Kemer 2007}) 9. Qc2 ({
Eine andere Möglichkeit ist} 9. Rc1 {z.B.:} c5 10. d5 exd5 11. cxd5 Nxd2 12.
Nxd2 d6 13. Nde4 Be5 14. Qd2 Ba6 15. Rfe1 g6 16. g4 Qe7 17. f4 Bg7 18. g5 Nd7
19. a4 Rae8 20. e3 Rd8 21. h4 Rfe8 22. b3 Nf8 23. Ng3 Bc8 24. Bf3 h6 25. Nce4
Nh7 26. Qd3 f5 27. Nd2 hxg5 28. hxg5 Nxg5 29. fxg5 Qxg5 30. Ndf1 Kf7 31. Rc2
Rh8 32. Rg2 Be5 33. Qd2 Qf6 34. Ree2 Rh3 35. Bg4 Rh4 36. Bf3 Rh3 37. Bg4 fxg4
38. Ref2 Bf5 39. e4 Qh4 40. exf5 g5 41. Qd3 Rh8 42. Re2 Bd4+ 43. Re3 Re8 44.
Kf2 Rh1 45. Ke2 Qh3 46. Kf2 Rxf1+ 47. Kxf1 Bxe3 48. f6 Qh6 49. Re2 Qxf6+ 50.
Qf5 Re5 {0-1 (50) Sjugirov,S (2635)-Alekseev,E (2673) Moscow 2012}) 9... Nxd2
10. Qxd2 d6 11. e4 Nd7 12. Rad1 g6 13. Rfe1 ({Oder} 13. h4 Qe7 14. Rfe1 Bg7 15.
Qc2 c5 16. b3 cxd4 17. Nxd4 a6 18. Qd2 Rfd8 19. Qe3 Rab8 20. Rd2 Nf6 21. Bf3
Qc7 22. Red1 Nd7 23. Bg2 Rbc8 24. Bh3 Re8 25. Nde2 Bf8 26. h5 Nf6 27. hxg6 hxg6
28. Bg2 Ba8 29. Bf3 Qc5 30. Qxc5 Rxc5 31. Na4 Rc7 32. Nxb6 Bxe4 33. Kg2 Rb8 34.
Na4 d5 35. cxd5 Bxf3+ 36. Kxf3 Nxd5 37. Nf4 Nxf4 38. gxf4 Rb5 39. Nb2 Rf5 40.
Nc4 g5 41. Rd4 Kg7 42. Rg1 Bc5 43. Re4 Kf6 44. Rxg5 Rxg5 45. fxg5+ Kxg5 46. Ne3
Ba7 47. Rc4 Rxc4 48. Nxc4 Kf6 49. b4 e5 50. a4 Ke6 51. b5 e4+ 52. Kxe4 axb5 53.
axb5 Bxf2 54. b6 f5+ 55. Kf3 Bxb6 56. Nxb6 f4 57. Nd5 Kxd5 58. Kxf4 {1/2-1/2 
(58) Anand,V (2780)-Carlsen,M (2843) Sao Paulo/Bilbao 2012}) 13... Bg7 14. d5 {
Ein neuer Zug.} (14. h4) (14. b3) (14. Qc2) 14... e5 {Meist spielt Schwarz
erst e5 und Weiß dann d5. Hier war es umgekehrt, aber das Ergebnis ist das
gleiche.} 15. b4 a5 16. a3 Ba6 17. Nb5 (17. Bf1) 17... Nf6 ({Nach} 17... Bxb5
18. cxb5 axb4 19. axb4 {wäre der Bauer c7 ein lohnendes Angrifssziel.} (19.
Qxb4 $2 Nc5 {ist günstig für Schwarz.})) 18. Bh3 Qe7 19. Ra1 axb4 20. Qxb4
Bxb5 21. cxb5 Bh6 22. Qc4 Ra5 23. a4 Rfa8 {Der Angriff auf den Bauern a2
erweist sich als Utopie. Die schwarzen Türme kommen auf der a-Linie bald ins
Gedränge.} 24. Re2 Kg7 25. Ne1 {Der Springer strebt nach c6.} Bg5 26. Nd3 h5
27. Rc2 R5a7 (27... Ne8 28. Rca2 Qf8 29. Nb4 $18 {gewinnt eine Qualität.}) 28.
Rca2 Rh8 (28... Ra5 29. Nb4 $18) 29. Nb4 Qe8 30. Nc6 Ra8 31. Rf1 {Weiß wendet
sich nun der anderen Seite zu.} Bh6 32. f4 exf4 33. Re2 Nd7 (33... fxg3 $2 34.
Rxf6 Kxf6 35. Qc3+ $18) 34. gxf4 Nc5 35. a5 {Weiß unterbindet ohne
Zeitverlust das Gegenspiel auf der a-Linie.} Rxa5 (35... bxa5 36. e5 $18 {
mit entscheidendem Angriff.}) 36. Nxa5 bxa5 37. e5 Qd8 38. f5 Qg5+ 39. Kh1 Re8
40. e6 a4 41. Qd4+ (41. Qd4+ Qf6 42. Qxf6+ Kxf6 43. fxg6+ Kxg6 44. Rg2+ Bg5 45.
Rxf7 $18) 1-0